Central Library OPAC University of Rajshahi

Philosophical problems and arguments : (Record no. 968)

MARC details
000 -LEADER
fixed length control field 00881cam a2200289 a 4500
001 - CONTROL NUMBER
control field 968
003 - CONTROL NUMBER IDENTIFIER
rucl marc code BD-RjUL
005 - DATE AND TIME OF LATEST TRANSACTION
control field 20211208233246.0
008 - FIXED-LENGTH DATA ELEMENTS--GENERAL INFORMATION
fixed length control field 131124s1982 nyua b 00110 eng
020 ## - INTERNATIONAL STANDARD BOOK NUMBER
International Standard Book Number 0023251204
035 ## - SYSTEM CONTROL NUMBER
System control number (BD-RjUL)990
040 ## - CATALOGING SOURCE
Original cataloging agency DLC
Transcribing agency DLC
Modifying agency BOS
-- BD-RjUL
Language of cataloging eng
041 ## - LANGUAGE CODE
Language code of text/sound track or separate title eng
082 ## - DEWEY DECIMAL CLASSIFICATION NUMBER
Edition number 21
Classification number 100
Author mark and year COP 1982
100 1# - MAIN ENTRY--PERSONAL NAME
Personal name Cornman, James W.
9 (RLIN) 2863
245 10 - TITLE STATEMENT
Title Philosophical problems and arguments :
Remainder of title an introduction /
Statement of responsibility, etc. James W. Cornman, Keith Lehrer, George S. Pappas.
250 ## - EDITION STATEMENT
Edition statement 3rd ed.
260 ## - PUBLICATION, DISTRIBUTION, ETC. (IMPRINT)
Place of publication, distribution, etc. New York ;
-- London :
Name of publisher, distributor, etc. Macmillan ,
Date of publication, distribution, etc. c1982.
300 ## - PHYSICAL DESCRIPTION
Pagination xviii, 366 p. ;
Size 23 cm.
504 ## - BIBLIOGRAPHY, ETC. NOTE
Bibliography, etc Includes bibliographies and indexes.
650 #0 - SUBJECT ADDED ENTRY--TOPICAL TERM
Topical term or geographic name as entry element Philosophy
General subdivision Introductions.
9 (RLIN) 2795
700 1# - ADDED ENTRY--PERSONAL NAME
Personal name Lehrer, Keith.
Personal name Pappas, George Sotiros,
Dates associated with a name 1942-
942 ## - ADDED ENTRY ELEMENTS (KOHA)
Source of classification or shelving scheme Dewey Decimal Classification
Koha item type Books
Holdings
Lost status Source of classification or shelving scheme Damaged status Not for loan Collection code Permanent Location Current Location Shelving location Date acquired Source of acquisition Cost, normal purchase price Total Checkouts Full call number Date last seen Copy number Koha item type
  Dewey Decimal Classification   Not For Loan Non-fiction Central Library, University of Rajshahi Central Library, University of Rajshahi Reading Room 08/03/1984 Dhaka tulip ent. 19.95   100 COP 1982 24/11/2013 C-1 Books
  Dewey Decimal Classification     Non-fiction Central Library, University of Rajshahi Central Library, University of Rajshahi   08/03/1984 Dhaka tulip ent. 19.95   100 COP 1982 24/11/2013 C-2 Books